Čo to ženie našu mamu?

Bibliographic Details
Main Author: Štefánková, Mária, 1951- (Author)
Other Authors: Mikulčík, Fedor (Illustrator)
Format: Article
Language:Slovak
Subjects:

MARC

LEADER 00000nab a2200000 a 4500
001 vtls000613074
003 SK-MaSNL
005 20260303214203.0
008 160314c1997 xo 0 slo
015 |a SNBRB19rr/mm-uuuuu 
035 |a CL0613213 
040 |a SNKBUCL  |b slo  |c SNKBUCL  |e AACR2 
041 0 |a slo 
044 |a xo  |c SK 
080 |a 885.4-1(087.5)  |2 1981 
100 1 |a Štefánková, Mária,  |d 1951-  |4 aut  |9 86067 
245 1 0 |a Čo to ženie našu mamu?  |c Mária Štefánková ; Ilustr. Fedor Mikulčík 
650 0 7 |a rečňovanky  |2 snkbucl  |9 278360 
700 1 |a Mikulčík, Fedor  |4 ill  |9 10811 
773 0 |t Včielka  |g Roč. 39, č. 5 (1997), s. 11 
850 |a Slovenská národná knižnica v Martine  |a MTA001 
852 |a SNK  |b KIS3GCP 
958 |a LX 
958 |a SK 
958 |a RK 
958 |a RBX 
999 |c 2215822  |d 2217752